<?xml version="1.0" encoding="UTF-8"?><?xml-stylesheet type="text/xsl" href="static/style.xsl"?><OAI-PMH xmlns="http://www.openarchives.org/OAI/2.0/" xmlns:xsi="http://www.w3.org/2001/XMLSchema-instance" xsi:schemaLocation="http://www.openarchives.org/OAI/2.0/ http://www.openarchives.org/OAI/2.0/OAI-PMH.xsd"><responseDate>2026-04-27T21:30:37Z</responseDate><request verb="GetRecord" identifier="oai:uvadoc.uva.es:10324/9145" metadataPrefix="marc">https://uvadoc.uva.es/oai/request</request><GetRecord><record><header><identifier>oai:uvadoc.uva.es:10324/9145</identifier><datestamp>2025-02-10T13:48:24Z</datestamp><setSpec>com_10324_6435</setSpec><setSpec>com_10324_5186</setSpec><setSpec>com_10324_29291</setSpec><setSpec>col_10324_6441</setSpec></header><metadata><record xmlns="http://www.loc.gov/MARC21/slim" xmlns:doc="http://www.lyncode.com/xoai" xmlns:xsi="http://www.w3.org/2001/XMLSchema-instance" xmlns:dcterms="http://purl.org/dc/terms/" xsi:schemaLocation="http://www.loc.gov/MARC21/slim http://www.loc.gov/standards/marcxml/schema/MARC21slim.xsd">
<leader>00925njm 22002777a 4500</leader>
<datafield tag="042" ind1=" " ind2=" ">
<subfield code="a">dc</subfield>
</datafield>
<datafield tag="720" ind1=" " ind2=" ">
<subfield code="a">López Sáez, José Antonio</subfield>
<subfield code="e">author</subfield>
</datafield>
<datafield tag="720" ind1=" " ind2=" ">
<subfield code="a">Rodríguez Marcos, José Antonio</subfield>
<subfield code="e">author</subfield>
</datafield>
<datafield tag="720" ind1=" " ind2=" ">
<subfield code="a">López García, Pilar</subfield>
<subfield code="e">author</subfield>
</datafield>
<datafield tag="260" ind1=" " ind2=" ">
<subfield code="c">2005</subfield>
</datafield>
<datafield tag="520" ind1=" " ind2=" ">
<subfield code="a">El objeto de este artículo es dar a conocer los datos aportados por los análisis polínicos procedentes de tres yacimientos de la Meseta Norte española, adscribibles al Bronce Antiguo: El Picuezo (Sotalvo, Ávila), El Parpantique (Balluncar, Soria) y Pico Romero (Santa Cruz de la Salceda, Burgos). Aunque el número de secuencias arqueopalinológicas es corto, al menos, sirve para comenzar a interpretar el paleoambiente y la paleoeconomía de este periodo en la Submeseta Norte. El trabajo es un ejemplo de la investigación inspirada en los principios de la arqueología del paisaje.</subfield>
</datafield>
<datafield tag="520" ind1=" " ind2=" ">
<subfield code="a">The aim of this paper is to give information about the dates obtained in the polinic anal ysis proceeding from the excavations of three archaeological sites, of the Nord-Iberian upland, with a chronology of the Earlier Bronze Age: El Picuezo (Sotalvo, Ávila), El Parpantique (Balluncar, Soria) y Pico Romero (Santa Cruz de la Salceda, Burgos). Obviously the number of archaeopalinological sequences is short, but, almost, has permitted to begin to interpret the reconstruction of the palaeoenvironment and the palaeoeconomy of this period in Nord Upland. This paper is an example of the research inspired in the principles of landscape archaeology.</subfield>
</datafield>
<datafield tag="024" ind2=" " ind1="8">
<subfield code="a">BSAA Arqueología: Boletín del Seminario de Estudios de Arqueología, 2005, N.71, pags.65-88</subfield>
</datafield>
<datafield tag="024" ind2=" " ind1="8">
<subfield code="a">1888-976X</subfield>
</datafield>
<datafield tag="024" ind2=" " ind1="8">
<subfield code="a">http://uvadoc.uva.es/handle/10324/9145</subfield>
</datafield>
<datafield tag="024" ind2=" " ind1="8">
<subfield code="a">65</subfield>
</datafield>
<datafield tag="024" ind2=" " ind1="8">
<subfield code="a">71</subfield>
</datafield>
<datafield tag="024" ind2=" " ind1="8">
<subfield code="a">88</subfield>
</datafield>
<datafield tag="024" ind2=" " ind1="8">
<subfield code="a">BSAA Arqueología: Boletín del Seminario de Estudios de Arqueología</subfield>
</datafield>
<datafield ind1=" " ind2=" " tag="653">
<subfield code="a">Arqueología</subfield>
</datafield>
<datafield tag="245" ind1="0" ind2="0">
<subfield code="a">Paisaje y economía durante el Bronce Antiguo en la Meseta Norte desde una perspectiva paleoambiental: algunos casos de estudio</subfield>
</datafield>
</record></metadata></record></GetRecord></OAI-PMH>